The realities of EU industrial policies analysed through automotive value chain dynamics

Processes in the past decades have resulted in the segmentation of European industries into ‘headquarter’ and ‘factory’ economies, though these categories are not fully distinct. ‘Headquarter’ economies typically host the higher value added activities and service units while ‘factory’ economies are...

Teljes leírás

Elmentve itt :
Bibliográfiai részletek
Szerzők: Megyeri Eszter
Pelle Anita
Tabajdi Gabriella
Dokumentumtípus: Cikk
Megjelent: 2023
Sorozat:SOCIETY AND ECONOMY 45 No. 3
Tárgyszavak:
doi:10.1556/204.2023.00005

mtmt:33721366
Online Access:http://publicatio.bibl.u-szeged.hu/36063
LEADER 02412nab a2200253 i 4500
001 publ36063
005 20250220143635.0
008 250220s2023 hu o 000 eng d
022 |a 1588-9726 
024 7 |a 10.1556/204.2023.00005  |2 doi 
024 7 |a 33721366  |2 mtmt 
040 |a SZTE Publicatio Repozitórium  |b hun 
041 |a eng 
100 1 |a Megyeri Eszter 
245 1 4 |a The realities of EU industrial policies analysed through automotive value chain dynamics  |h [elektronikus dokumentum] /  |c  Megyeri Eszter 
260 |c 2023 
300 |a 250-269 
490 0 |a SOCIETY AND ECONOMY  |v 45 No. 3 
520 3 |a Processes in the past decades have resulted in the segmentation of European industries into ‘headquarter’ and ‘factory’ economies, though these categories are not fully distinct. ‘Headquarter’ economies typically host the higher value added activities and service units while ‘factory’ economies are popular locations for lower segments of the value chains. This setup has implications for EU level industrial policy strategies. In the current times of accelerating technological development and the ever growing servitisation of industries, ‘headquarter’ economies genuinely have better capabilities and resources to gain more share of the value added, and can actually steer the course of events in the sector. In the EU peripheries, new investment often covers relocation of previous technologies and retired assets of original equipment manufacturers (OEMs). The ‘factory’ economies are in a disadvantage in several aspects, while the headquarters optimise according to their own set of strategic preferences, which further compromises the opportunities of industrial actors in the peripheries to shape their own future. Industrial policies, however smart and well designed, have limited chances to influence the character and speed of changes. We review reported cases through which we test literature and contrast realities with aspirations regarding smart and sustainable industrial development across the EU. 
650 4 |a Közgazdasági és gazdálkodástudományok 
700 0 1 |a Pelle Anita  |e aut 
700 0 1 |a Tabajdi Gabriella  |e aut 
856 4 0 |u http://publicatio.bibl.u-szeged.hu/36063/7/33721366.pdf  |z Dokumentum-elérés  
856 4 0 |u http://publicatio.bibl.u-szeged.hu/36063/1/1588-970X-article-10.1556-204.2023.00005SocEconMegyeri-Pelle-Tabajdi.pdf  |z Dokumentum-elérés